00354nam a2200133Ia 4500082001200000100002400012245004600036260002800082300001000110650003200120650002200152650002300174710002300197 aTD.0148 aDwivedi, Bhanwarlal 0aEvolution of educational thought in India c1986bVikram University a438p. aEDUCATION, MEDIEVAL - INDIA aEDUCATION - INDIA aEDUCATION, ANCIENT aKaul Adalati, A.N.